000 00576 a2200217 4500
005 20260406151529.0
008 260406b |||||||| |||| 00| 0 eng d
020 _a9789332574120
_cRs. 960.00
040 _aMAIN
082 _a658
_bR538F(9)
100 _a Robbins, Stephen P
245 _aFundamentals of management: Essential conceots and applications
250 _a9th
260 _bPearson India
_aNoida
_c2026
300 _a504
650 _aManagement
650 _a Auxiliary Services
700 _aDecenzo, David A
700 _aCoulter, Mary
942 _cBK
999 _c396942
_d396942